Turkish review (Record no. 38749)

MARC details
000 -LEADER
fixed length control field 00498nam a2200169Ia 4500
022 ## - INTERNATIONAL STANDARD SERIAL NUMBER
ISSN 13099647
050 ## - CALL MARK
Classification number DR 603 .T843/
245 #0 - TITLE STATEMENT
Title Turkish review
260 ## - PUBLICATION, DISTRIBUTION, ETC. (IMPRINT)
Place of publication Istanbul
260 ## - PUBLICATION, DISTRIBUTION, ETC. (IMPRINT)
Name of publisher Feza Gazetecilik
260 ## - PUBLICATION, DISTRIBUTION, ETC. (IMPRINT)
Year of publication 2012
300 ## - PHYSICAL DESCRIPTION
Number of Pages v. , 128 p. : col. ill. ; 27 cm.
650 ## - SUBJECT ADDED ENTRY--TOPICAL TERM
Topical Term Turkey--Politics and government--21st century--Periodicals. Turkey--History--Periodicals. Turkey--Periodicals.
942 ## - ADDED ENTRY ELEMENTS (KOHA)
Koha item type Serials

No items available.